Type Fast - Statistics

General Stats
  • This quiz has been taken 775 times
  • The average score is 93 of 100
Answer Stats
Answer % Correct
.
100%
.
100%
.
100%
.
99%
.
98%
.
98%
.
98%
.
97%
.
97%
.
97%
.
97%
.
97%
.
96%
.
96%
.
96%
.
96%
.
96%
.
96%
.
96%
.
96%
.
96%
.
96%
.
96%
.
96%
.
95%
.
95%
.
95%
.
95%
.
95%
.
95%
.
95%
.
94%
.
94%
.
94%
.
94%
.
94%
.
94%
.
94%
.
94%
.
93%
.
93%
.
93%
.
93%
.
93%
.
93%
.
93%
.
93%
.
93%
.
93%
.
93%
.
93%
.
93%
.
93%
.
93%
.
93%
.
93%
.
93%
.
93%
.
93%
.
93%
.
93%
.
93%
.
93%
.
93%
.
93%
.
92%
.
92%
.
92%
.
92%
.
92%
.
92%
.
92%
.
92%
.
91%
.
91%
.
91%
.
91%
.
91%
.
90%
.
90%
.
90%
.
90%
.
89%
.
89%
.
88%
.
88%
.
88%
.
88%
.
88%
.
87%
.
87%
.
87%
.
87%
.
87%
.
87%
.
86%
.
86%
.
86%
.
86%
.
85%
No matching quizzes found
Score Distribution
Percent of People with Each Score
Percentile by Number Answered
Your Score History
You have not taken this quiz